[Event "GER-chT Youth Countries 2018"]
[Site "Wurzburg"]
[Date "2018.10.05"]
[Round "5"]
[White "Zell, Hannah"]
[Black "Fock, Amina"]
[Result "1/2-1/2"]
[WhiteElo "1469"]
[BlackElo "1816"]
[Annotator "NA RC"]
[PlyCount "88"]
[EventDate "2018.10.03"]
[EventType "team-tourn"]
[EventCountry "GER"]
[SourceTitle "playchess.com"]
[Source "ChessBase"]
[SourceQuality "1"]
[TimeControl "40/5400+30:1800+30"]

1. e4 {[%emt 0:00:00]} c5 {[%emt 0:00:00]} 2. c4 {[%emt 0:00:00]} Nc6 {[%emt 0:00:00]} 3. g3 {[%emt 0:00:24]} g6 {[%emt 0:00:18]} 4. Bg2 {[%emt 0:00:37]} Bg7 {[%emt 0:00:22]} 5. Nc3 {[%emt 0:00:38]} Rb8 {[%emt 0:02:28]} 6. Nge2 {[%emt 0:02:46]} a6 {[%emt 0:01:43]} 7. a4 {[%emt 0:01:06]} Nf6 {[%emt 0:05:10]} 8. O-O {[%emt 0:02:31]} O-O {[%emt 0:01:07]} 9. d3 {[%emt 0:00:57]} Ne8 {[%emt 0:02:04]} 10. f4 {[%emt 0:05:52]} Nc7 {[%emt 0:07:15]} 11. Be3 {[%emt 0:09:20]} Nd4 {[%emt 0:02:24]} 12. Rb1 {[%emt 0:05:39]} b5 {[%emt 0:19:42]} 13. b3 {[%emt 0:12:58]} Nce6 {[%emt 0:04:33]} 14. axb5 {[%emt 0:04:57]} Nxe2+ {[%emt 0:00:58]} 15. Nxe2 {[%emt 0:00:34]} axb5 16. f5 {[%emt 0:08:04]} Nd4 {[%emt 0:04:38]} 17. Bxd4 {[%emt 0:02:59]} cxd4 {[%emt 0:00:43]} 18. h4 {[%emt 0:06:06]} e5 {[%emt 0:16:52]} 19. Bh3 {[%emt 0:13:10]} h5 {[%emt 0:03:22]} 20. Kh2 {[%emt 0:03:48]} g5 {[%emt 0:06:15]} 21. hxg5 Qxg5 {[%emt 0:00:11]} 22. Ng1 {[%emt 0:01:36]} h4 {[%emt 0:02:54]} 23. Qf3 {[%emt 0:03:04]} Rb6 {[%emt 0:02:40]} 24. gxh4 Qxh4 {[%emt 0:00:29]} 25. Qg4 {[%emt 0:03:40]} Rh6 {[%emt 0:03:01]} 26. Qxh4 Rxh4 {[%emt 0:00:06]} 27. Rb2 {[%emt 0:01:24]} Kh8 28. Rg2 Bf6 {[%emt 0:04:34]} 29. Nf3 {[%emt 0:06:06]} Rh5 {[%emt 0:01:22]} 30. Rg3 {[%emt 0:01:07]} Rg8 {[%emt 0:01:06]} 31. Rfg1 {[%emt 0:01:01]} Rxg3 {[%emt 0:00:48]} 32. Rxg3 {[%emt 0:00:20]} d6 {[%emt 0:04:14]} 33. Kg1 {[%emt 0:01:33]} Bd7 {[%emt 0:01:56]} 34. Bf1 {[%emt 0:01:21]} Bg7 {[%emt 0:01:10]} 35. Be2 {[%emt 0:00:42]} Rh6 {[%emt 0:01:00]} 36. Bd1 {[%emt 0:01:10]} bxc4 {[%emt 0:00:56]} 37. bxc4 {[%emt 0:00:07]} Be8 {[%emt 0:00:14]} 38. Kg2 {[%emt 0:01:21]} f6 {[%emt 0:00:31]} 39. Rh3 {[%emt 0:01:16]} Rxh3 {[%emt 0:01:24]} 40. Kxh3 {[%emt 0:00:06]} Bh6 {[%emt 0:00:33]} 41. Kg4 {[%emt 0:31:25]} Kg7 {[%emt 0:01:48]} 42. Nh4 {[%emt 0:00:00]} Bg5 {[%emt 0:06:55]} 43. Ng6 {[%emt 0:00:00]} Kf7 {[%emt 0:07:13]} 44. Bb3 {[%emt 0:00:00]} Kg7 {[%emt 0:01:36]} 1/2-1/2

[Event "GER-chT Youth Countries 2018"]
[Site "Wurzburg"]
[Date "2018.10.05"]
[Round "5"]
[White "Kageler, Anton Paul"]
[Black "Haenselmann, Hendrik"]
[Result "0-1"]
[WhiteElo "1459"]
[BlackElo "1660"]
[Annotator "NA"]
[PlyCount "96"]
[EventDate "2018.10.03"]
[EventType "team-tourn"]
[EventCountry "GER"]
[SourceTitle "playchess.com"]
[Source "ChessBase"]
[SourceQuality "1"]
[TimeControl "40/5400+30:1800+30"]

1. e4 {[%emt 0:00:00]} c5 {[%emt 0:00:00]} 2. Nf3 {[%emt 0:00:00]} e6 {[%emt 0:00:00]} 3. d4 {[%emt 0:00:00]} cxd4 {[%emt 0:00:00]} 4. Nxd4 {[%emt 0:00:00]} Nc6 {[%emt 0:00:00]} 5. Be3 {[%emt 0:00:26]} Qc7 {[%emt 0:00:12]} 6. Nc3 {[%emt 0:00:52]} a6 {[%emt 0:01:11]} 7. Bd3 {[%emt 0:00:35]} Nf6 {[%emt 0:01:14]} 8. O-O {[%emt 0:00:43]} Nxd4 {[%emt 0:04:07]} 9. Bxd4 {[%emt 0:00:17]} e5 {[%emt 0:01:43]} 10. Be3 {[%emt 0:01:16]} Bb4 {[%emt 0:02:01]} 11. Nd5 {[%emt 0:02:58]} Nxd5 {[%emt 0:00:21]} 12. exd5 {[%emt 0:00:06]} O-O {[%emt 0:00:34]} 13. Qh5 {[%emt 0:07:29]} g6 {[%emt 0:00:37]} 14. Qh4 {[%emt 0:00:53]} Qd6 {[%emt 0:02:04]} 15. c4 {[%emt 0:02:09]} b6 {[%emt 0:03:59]} 16. Kh1 {[%emt 0:10:26]} f5 {[%emt 0:05:21]} 17. f4 {[%emt 0:03:33]} e4 {[%emt 0:02:26]} 18. Be2 {[%emt 0:04:14]} Bc5 {[%emt 0:05:22]} 19. Bd2 {[%emt 0:01:56]} Bd4 {[%emt 0:03:03]} 20. a3 {[%emt 0:07:00]} Bxb2 {[%emt 0:07:14]} 21. Bb4 {[%emt 0:02:07]} Qf6 {[%emt 0:00:33]} 22. Qh6 {[%emt 0:01:58]} Bxa1 {[%emt 0:01:22]} 23. Qxf8+ {[%emt 0:02:30]} Qxf8 {[%emt 0:00:07]} 24. Bxf8 {[%emt 0:00:07]} Kxf8 {[%emt 0:00:37]} 25. Rxa1 {[%emt 0:00:06]} d6 {[%emt 0:00:24]} 26. Rb1 {[%emt 0:02:58]} Rb8 {[%emt 0:00:22]} 27. a4 {[%emt 0:00:45]} a5 {[%emt 0:03:27]} 28. Kg1 {[%emt 0:06:10]} Bd7 {[%emt 0:00:58]} 29. Bd1 {[%emt 0:00:27]} h6 {[%emt 0:00:31]} 30. Kf2 {[%emt 0:01:58]} g5 {[%emt 0:01:02]} 31. fxg5 {[%emt 0:02:11]} hxg5 {[%emt 0:00:06]} 32. Bc2 {[%emt 0:05:26]} g4 {[%emt 0:05:27]} 33. h3 {[%emt 0:07:37]} gxh3 {[%emt 0:01:12]} 34. gxh3 {[%emt 0:00:51]} Kg7 {[%emt 0:01:08]} 35. Kg3 {[%emt 0:01:40]} Kf6 {[%emt 0:05:30]} 36. Kf4 {[%emt 0:01:19]} Be8 {[%emt 0:02:00]} 37. Rg1 {[%emt 0:01:22]} Bg6 {[%emt 0:03:37]} 38. Bd1 {[%emt 0:03:21]} Rh8 {[%emt 0:01:25]} 39. Rg3 {[%emt 0:00:38]} Rh4+ {[%emt 0:00:48]} 40. Bg4 {[%emt 0:02:34]} fxg4 {[%emt 0:00:28]} 41. hxg4 {[%emt 0:30:36]} Bf5 {[%emt 0:32:21]} 42. Rg2 {[%emt 0:01:43]} Rxg4+ {[%emt 0:00:33]} 43. Rxg4 {[%emt 0:00:29]} Bxg4 {[%emt 0:00:04]} 44. Kxg4 {[%emt 0:00:07]} Ke5 {[%emt 0:00:05]} 45. Kg3 {[%emt 0:00:42]} Kd4 {[%emt 0:00:08]} 46. Kf2 {[%emt 0:00:34]} Kd3 {[%emt 0:00:17]} 47. Ke1 {[%emt 0:00:13]} Ke3 {[%emt 0:00:09]} 48. c5 {[%emt 0:01:09]} bxc5 {[%emt 0:00:10]} 0-1

[Event "GER-chT Youth Countries 2018"]
[Site "Wurzburg"]
[Date "2018.10.05"]
[Round "5"]
[White "Fischer, Darja"]
[Black "Moeller, Lisa-Marie"]
[Result "0-1"]
[WhiteElo "1456"]
[BlackElo "1868"]
[Annotator "NA RC"]
[PlyCount "148"]
[EventDate "2018.10.03"]
[EventType "team-tourn"]
[EventCountry "GER"]
[SourceTitle "playchess.com"]
[Source "ChessBase"]
[SourceQuality "1"]
[TimeControl "40/5400+30:1800+30"]

1. e4 {[%emt 0:00:00]} c5 {[%emt 0:00:00]} 2. Nf3 {[%emt 0:00:00]} e6 {[%emt 0:00:00]} 3. d4 {[%emt 0:00:00]} cxd4 {[%emt 0:00:00]} 4. Nxd4 {[%emt 0:00:05]} a6 {[%emt 0:00:00]} 5. Nc3 {[%emt 0:00:36]} b5 {[%emt 0:00:02]} 6. a3 {[%emt 0:00:48]} Bb7 {[%emt 0:00:42]} 7. Be2 {[%emt 0:03:42]} Qc7 {[%emt 0:01:18]} 8. O-O {[%emt 0:04:07]} Nf6 {[%emt 0:02:11]} 9. Bf3 {[%emt 0:01:55]} d6 {[%emt 0:02:22]} 10. Re1 {[%emt 0:01:22]} Nbd7 {[%emt 0:03:24] B43: Sicilian: Kan Variation: 5 Nc3} 11. Bg5 {[%emt 0:04:38]} (11. g3 Be7 12. Bg2 O-O 13. f4 Rfd8 14. g4 g6 15. g5 Nh5 16. f5 e5 17. Nd5 Bxd5 18. exd5 exd4 19. Rxe7 {0-1 (35) Tadic,S (2240)-Munizaba,S (2426) Valjevo 2018}) 11... Be7 {[%emt 0:02:53]} 12. h3 {[%emt 0:02:05]} O-O {[%emt 0:05:27]} 13. Qd2 {[%emt 0:01:54]} Ne5 {[%emt 0:03:48]} 14. Rad1 {[%emt 0:04:54]} Nc4 $146 {[%emt 0:03:18]} ({Predecessor:} 14... Rac8 15. Bxf6 Bxf6 16. Be2 Rfd8 17. Qe3 h6 18. f4 {0-1 (34) Wagemans,E (1897)-Van den Berg,A (2245) Leiden 2011}) 15. Qc1 {[%emt 0:00:22]} Rab8 {[%emt 0:16:26]} 16. Rd3 {[%emt 0:12:37]} Ba8 {[%emt 0:06:21]} 17. b3 {[%emt 0:06:21]} Ne5 {[%emt 0:04:39]} 18. Rde3 {[%emt 0:00:13]} Rfc8 {[%emt 0:06:59]} 19. Bd1 {[%emt 0:07:31]} b4 {[%emt 0:05:21]} 20. axb4 {[%emt 0:02:43]} Rxb4 {[%emt 0:00:56]} 21. Qd2 $17 {[%emt 0:04:23]} Qc5 {[%emt 0:06:22]} 22. Nf3 {[%emt 0:03:35]} Nxf3+ {[%emt 0:07:14]} 23. Rxf3 {[%emt 0:01:28]} Rb7 {[%emt 0:08:17]} 24. Rd3 {[%emt 0:04:42]} Qb4 {[%emt 0:05:20]} 25. Bf3 {[%emt 0:04:08]} Rbc7 {[%emt 0:01:15]} 26. Ree3 {[%emt 0:00:39]} Kf8 {[%emt 0:02:58]} 27. Kf1 {[%emt 0:00:39]} Bc6 {[%emt 0:02:21]} 28. Nb1 {[%emt 0:01:27]} Qxd2 {[%emt 0:02:40]} 29. Rxd2 {[%emt 0:00:51]} d5 {[%emt 0:01:01]} 30. exd5 {[%emt 0:01:23]} Nxd5 {[%emt 0:00:39]} 31. Bxe7+ {[%emt 0:00:38]} Nxe7 {[%emt 0:00:13]} 32. Red3 {[%emt 0:01:07]} Nf5 {[%emt 0:00:38]} 33. Bxc6 Rxc6 {[%emt 0:00:04]} 34. c4 {[%emt 0:02:13]} Ke7 {[%emt 0:00:48]} 35. Ke2 {[%emt 0:01:01]} Nd6 {[%emt 0:00:42]} 36. Nc3 {[%emt 0:01:33]} Rb8 {[%emt 0:00:41]} 37. Nd1 {[%emt 0:02:49]} Ne4 {[%emt 0:00:28]} 38. Rb2 {[%emt 0:00:32]} Nc5 {[%emt 0:00:23]} 39. Rg3 {[%emt 0:00:45]} g6 {[%emt 0:00:24]} 40. b4 {[%emt 0:02:23]} Ne4 {[%emt 0:00:42]} 41. Rg4 {[%emt 0:30:44]} f5 {[%emt 0:04:28]} 42. Rh4 {[%emt 0:00:00]} h5 {[%emt 0:04:15]} 43. c5 {[%emt 0:00:00]} a5 {[%emt 0:04:06]} 44. f3 {[%emt 0:00:00]} Nf6 {[%emt 0:00:42]} 45. Rc4 {[%emt 0:00:00]} axb4 {[%emt 0:00:43]} 46. Nf2 {[%emt 0:00:00]} Nd5 {[%emt 0:01:53]} 47. Nd3 {[%emt 0:00:00]} Kf6 {[%emt 0:01:10]} 48. g3 {[%emt 0:00:00]} Rb5 {[%emt 0:03:15]} 49. f4 {[%emt 0:00:00]} Kg7 {[%emt 0:02:27]} 50. h4 {[%emt 0:00:00]} Ra5 {[%emt 0:02:14]} 51. Rb3 {[%emt 0:00:00]} Nc3+ {[%emt 0:02:51]} 52. Kf3 {[%emt 0:00:00]} Ne4 {[%emt 0:02:15]} 53. Rc2 {[%emt 0:00:00]} Ra3 {[%emt 0:01:11]} 54. Rxa3 {[%emt 0:00:00]} bxa3 {[%emt 0:00:03]} 55. Kg2 {[%emt 0:00:00]} Ra6 {[%emt 0:02:18]} 56. c6 {[%emt 0:00:00]} a2 {[%emt 0:00:34]} 57. c7 {[%emt 0:00:00]} Nd6 {[%emt 0:00:15]} 58. Nb4 {[%emt 0:00:00]} a1=Q {[%emt 0:00:18]} 59. Nxa6 {[%emt 0:00:00]} Qxa6 {[%emt 0:00:12]} 60. Kf2 {[%emt 0:00:00]} Qc8 {[%emt 0:00:38]} 61. Ke3 {[%emt 0:00:00]} Nb5 {[%emt 0:00:26]} 62. Rc5 {[%emt 0:00:00]} Nxc7 {[%emt 0:00:15]} 63. Kd4 {[%emt 0:00:05]} Kf6 {[%emt 0:01:16]} 64. Kd3 {[%emt 0:00:58]} Qd7+ {[%emt 0:00:00]} 65. Ke3 {[%emt 0:00:40]} Nd5+ {[%emt 0:00:03]} 66. Kf3 {[%emt 0:01:07]} Qa4 {[%emt 0:00:12]} 67. Rc8 {[%emt 0:01:05]} Qd1+ {[%emt 0:01:01]} 68. Kf2 {[%emt 0:00:46]} Qd2+ {[%emt 0:00:06]} 69. Kf3 {[%emt 0:00:58]} Qe3+ {[%emt 0:00:05]} 70. Kg2 {[%emt 0:00:04]} Qe2+ {[%emt 0:00:05]} 71. Kh3 {[%emt 0:00:45]} Ne3 {[%emt 0:00:18]} 72. Rf8+ {[%emt 0:00:45]} Kg7 {[%emt 0:00:12]} 73. Rf7+ {[%emt 0:00:22]} Kxf7 {[%emt 0:00:10]} 74. g4 {[%emt 0:00:04]} Qg2# {[%emt 0:00:07]} 0-1

[Event "GER-chT Youth Countries 2018"]
[Site "Wurzburg"]
[Date "2018.10.05"]
[Round "5"]
[White "Langer, Paul Georg"]
[Black "Butenandt, Svenja"]
[Result "1-0"]
[WhiteElo "1348"]
[BlackElo "1762"]
[Annotator "NA RC"]
[PlyCount "71"]
[EventDate "2018.10.03"]
[EventType "team-tourn"]
[EventCountry "GER"]
[SourceTitle "playchess.com"]
[Source "ChessBase"]
[SourceQuality "1"]
[TimeControl "40/5400+30:1800+30"]

1. e4 {[%emt 0:00:00]} c5 {[%emt 0:00:00]} 2. Nc3 {[%emt 0:00:00]} Nc6 {[%emt 0:00:00]} 3. Nge2 {[%emt 0:00:00]} e6 {[%emt 0:00:10]} 4. d3 {[%emt 0:00:05]} g6 {[%emt 0:00:27]} 5. g3 {[%emt 0:00:09]} Bg7 {[%emt 0:00:10]} 6. Bg2 {[%emt 0:00:05]} Nge7 {[%emt 0:00:48]} 7. Be3 {[%emt 0:00:22]} d6 {[%emt 0:00:21]} 8. O-O {[%emt 0:00:08]} O-O {[%emt 0:00:05]} 9. Qd2 {[%emt 0:00:13]} Rb8 {[%emt 0:00:59]} 10. Bh6 {[%emt 0:00:16]} b5 {[%emt 0:00:52]} 11. h3 {[%emt 0:00:54]} b4 {[%emt 0:01:21]} 12. Na4 {[%emt 0:01:25]} Ba6 {[%emt 0:12:16]} 13. b3 {[%emt 0:01:02]} Bxa1 {[%emt 0:04:58]} 14. Rxa1 {[%emt 0:06:53]} Re8 {[%emt 0:06:36]} 15. g4 {[%emt 0:01:24]} Kh8 {[%emt 0:10:44]} 16. Bg5 {[%emt 0:04:55]} Kg8 {[%emt 0:08:59]} 17. Bf6 {[%emt 0:04:47]} Bb5 {[%emt 0:05:07]} 18. Ng3 {[%emt 0:01:58]} Nd4 {[%emt 0:09:57]} 19. Nh5 {[%emt 0:02:48]} e5 {[%emt 0:08:53]} 20. Qh6 {[%emt 0:00:53]} Ne6 21. Ng7 {[%emt 0:14:58]} Nf5 {[%emt 0:08:53]} 22. exf5 {[%emt 0:01:21]} Qxf6 {[%emt 0:01:06]} 23. Nxe8 {[%emt 0:03:27]} Rxe8 {[%emt 0:00:33]} 24. fxe6 {[%emt 0:00:45]} Rxe6 {[%emt 0:00:22]} 25. Bd5 {[%emt 0:03:21]} Re8 {[%emt 0:00:32]} 26. Re1 {[%emt 0:01:57]} Bxa4 {[%emt 0:00:25]} 27. bxa4 {[%emt 0:00:16]} Qd8 {[%emt 0:00:34]} 28. Re3 {[%emt 0:03:19]} Qa5 {[%emt 0:01:46]} 29. Rf3 {[%emt 0:01:05]} Rf8 {[%emt 0:01:18]} 30. Bb3 {[%emt 0:05:35]} Qc7 {[%emt 0:00:35]} 31. h4 {[%emt 0:01:21]} d5 {[%emt 0:04:33]} 32. Bxd5 {[%emt 0:05:48]} Qd7 {[%emt 0:00:07]} 33. Bb3 {[%emt 0:00:48]} Qxg4+ {[%emt 0:00:06]} 34. Rg3 {[%emt 0:00:27]} Qd1+ {[%emt 0:01:24]} 35. Kg2 {[%emt 0:00:19]} Kh8 {[%emt 0:01:15]} 36. Qxf8# 1-0

[Event "GER-chT Youth Countries 2018"]
[Site "Wurzburg"]
[Date "2018.10.05"]
[Round "5"]
[White "Bako, Evelin"]
[Black "Praus, Pia-Rosa"]
[Result "0-1"]
[WhiteElo "1002"]
[BlackElo "1150"]
[Annotator "NA RC"]
[PlyCount "76"]
[EventDate "2018.10.03"]
[EventType "team-tourn"]
[EventCountry "GER"]
[SourceTitle "playchess.com"]
[Source "ChessBase"]
[SourceQuality "1"]
[TimeControl "40/5400+30:1800+30"]

1. d4 {[%emt 0:00:00]} d6 {[%emt 0:00:00]} 2. Nf3 {[%emt 0:00:00]} g6 {[%emt 0:00:24]} 3. e3 {[%emt 0:01:18]} Bg7 {[%emt 0:00:23]} 4. Bd3 {[%emt 0:00:32]} Nf6 {[%emt 0:00:24]} 5. O-O {[%emt 0:00:58]} O-O {[%emt 0:00:20]} 6. Nbd2 {[%emt 0:04:24]} Nbd7 {[%emt 0:00:35]} 7. b3 {[%emt 0:01:05]} c5 8. Bb2 {[%emt 0:03:42]} a6 {[%emt 0:12:40]} 9. Re1 {[%emt 0:10:14]} b5 {[%emt 0:02:56]} 10. a3 {[%emt 0:03:57]} Qc7 {[%emt 0:01:38]} 11. c4 {[%emt 0:01:43]} Rb8 {[%emt 0:06:21]} 12. a4 {[%emt 0:04:45]} b4 {[%emt 0:01:39]} 13. d5 {[%emt 0:08:53]} a5 {[%emt 0:01:47]} 14. Ne4 {[%emt 0:02:47]} Nxe4 {[%emt 0:00:58]} 15. Bxg7 {[%emt 0:01:30]} Kxg7 {[%emt 0:01:11]} 16. Bxe4 {[%emt 0:00:36]} Nf6 {[%emt 0:00:46]} 17. Bc2 {[%emt 0:01:15]} e6 {[%emt 0:05:42]} 18. e4 {[%emt 0:02:08]} e5 {[%emt 0:00:37]} 19. h3 {[%emt 0:03:07]} Nh5 {[%emt 0:04:14]} 20. Kh2 f5 21. Qe2 {[%emt 0:13:41]} f4 {[%emt 0:04:57]} 22. Rad1 {[%emt 0:13:13]} Qe7 23. Qd3 g5 {[%emt 0:04:18]} 24. g4 {[%emt 0:03:55]} fxg3+ 25. fxg3 g4 {[%emt 0:03:38]} 26. Nd2 {[%emt 0:02:02]} gxh3 {[%emt 0:03:10]} 27. Re2 {[%emt 0:02:55]} Bg4 {[%emt 0:00:08]} 28. Rde1 {[%emt 0:01:15]} Bxe2 {[%emt 0:00:36]} 29. Rxe2 {[%emt 0:00:23]} Rf7 {[%emt 0:00:30]} 30. Nf3 {[%emt 0:01:23]} Qf6 {[%emt 0:00:38]} 31. Nh4 {[%emt 0:02:29]} Rbf8 {[%emt 0:00:44]} 32. Nf5+ {[%emt 0:01:34]} Kh8 {[%emt 0:01:00]} 33. Bd1 {[%emt 0:02:08]} Ng7 {[%emt 0:00:14]} 34. g4 {[%emt 0:00:44]} Nxf5 {[%emt 0:00:41]} 35. gxf5 {[%emt 0:00:41]} Rg7 {[%emt 0:00:40]} 36. Rf2 {[%emt 0:00:57]} Qh4 {[%emt 0:00:22]} 37. Qe3 {[%emt 0:00:49]} Rf6 {[%emt 0:01:52]} 38. Bf3 {[%emt 0:00:36]} Qg3+ {[%emt 0:00:12]} 0-1

[Event "GER-chT Youth Countries 2018"]
[Site "Wurzburg"]
[Date "2018.10.06"]
[Round "6"]
[White "Parvanyan, Ashot"]
[Black "Schneider, Jana"]
[Result "1-0"]
[WhiteElo "2428"]
[BlackElo "2174"]
[Annotator "TA"]
[PlyCount "61"]
[EventDate "2018.10.03"]
[EventType "team-tourn"]
[EventCountry "GER"]
[SourceTitle "playchess.com"]
[Source "ChessBase"]
[SourceQuality "1"]

{[%evp 12,61,38,26,30,29,23,29,28,33,42,23,42,4,28,14,13,10,27,32,91,77,128,109,187,191,203,154,146,147,147,143,161,155,169,162,150,145,175,170,245,246,248,252,604,596,710,692,738,734,774,749]} 1. d4 Nf6 2. c4 e6 3. Nf3 d5 4. g3 Bb4+ 5. Bd2 Bd6 6. Bg2 {E01: Katalanisch} Nbd7 7. Nc3 {LiveBook: 3 Partien} dxc4 8. Qa4 {Weiß hat minimalen Vorteil.} c6 9. Qxc4 e5 10. Rd1 O-O 11. O-O Qe7 12. e4 $146 ({Vorgänger:} 12. Qb3 Re8 {1-0 (42) Rodshtein,M (2693)-Baron,T (2548) Israel 2018}) 12... Rd8 13. d5 Nb6 14. Qb3 $1 cxd5 15. exd5 Bc7 (15... Bf5 $14) 16. Be3 e4 ({Besser ist} 16... Bd6) 17. Ng5 $16 {[%cal Rg5e4]} Bf5 (17... Bg4 $16) 18. Rfe1 $18 Nbd7 19. d6 Bxd6 {[#]} 20. Rxd6 $1 {[%mdl 512]} Qxd6 21. Nxf7 {Weiss droht Sh6+ und Matt.} Qe6 22. Qxe6 Bxe6 23. Nxd8 Rxd8 24. Bxa7 b6 25. Nxe4 Bxa2 (25... Nxe4 {kämpft weiter.} 26. Bxe4 (26. Rxe4 Bxa2 27. Kf1 Rf8 $18) 26... Rc8) 26. Nxf6+ gxf6 27. Rd1 Rc8 $2 {[#]} (27... Bb3 28. Rd3 Be6 29. Bxb6 Rc8) 28. Bh3 {Weiß steht klar auf Gewinn.} ({Schwächer ist} 28. Rxd7 Rc1+ 29. Bf1 Bc4 $16) 28... Rc7 29. Rxd7 Rc1+ 30. Kg2 Bc4 31. Kf3 {Precision: Weiß = 76%, Schwarz = 29%.} 1-0

[Event "GER-chT Youth Countries 2018"]
[Site "Wurzburg"]
[Date "2018.10.06"]
[Round "6"]
[White "Lagunow, Raphael"]
[Black "Joeres, Stefan"]
[Result "1-0"]
[WhiteElo "2417"]
[BlackElo "2043"]
[Annotator "TA"]
[PlyCount "49"]
[EventDate "2018.10.03"]
[EventType "team-tourn"]
[EventCountry "GER"]
[SourceTitle "playchess.com"]
[Source "ChessBase"]
[SourceQuality "1"]

{[%evp 16,49,35,0,8,3,39,35,64,55,71,41,93,91,82,82,101,38,54,46,65,33,67,39,90,83,86,65,214,229,194,204,217,225,398,305]} 1. e4 {Ramirez Alvarez,Alejandro} c5 2. Nf3 Nc6 3. d4 cxd4 4. Nxd4 g6 5. Nc3 Bg7 6. Be3 Nf6 7. Bc4 O-O 8. Bb3 Re8 {B35: Sicilian: Accelerated Dragon with 5 Nc3: main line} 9. h4 {LiveBook: 6 Games} h5 $146 ({Predecessor:} 9... Qa5 10. h5 Nxe4 11. hxg6 hxg6 12. Qf3 d5 13. Bxd5 Nf6 14. Bb3 Bg4 15. Qg3 Rad8 16. Nxc6 bxc6 {1-0 (36) Negi,P (2664)-Hou,Y (2683) Saint Louis 2015 CBM 169 Extra [Ramirez Alvarez,Alejandro]}) 10. f3 d5 {The position is equal.} 11. exd5 Na5 12. Qd2 $1 Nxb3 13. Nxb3 a6 (13... e6 $14) 14. O-O-O $16 b5 15. a3 Bd7 16. Ne4 (16. Bh6 $16) 16... Nxe4 $14 17. fxe4 a5 18. Bd4 $36 {[%mdl 2048] White is more active.} Qc7 19. Rhf1 Rec8 ({Black should play} 19... b4 $14) 20. Bxg7 $16 Kxg7 21. Rf2 f6 (21... b4 $14) 22. d6 $18 Qa7 23. dxe7 Bg4 24. Rdf1 Rc6 $2 {[#]} (24... Qxe7 25. Rxf6 Rf8 26. Rxf8 Rxf8 27. Rxf8 Qxf8) 25. Nd4 {Precision: White = 43%, Black = 20%.} 1-0

[Event "GER-chT Youth Countries 2018"]
[Site "Wurzburg"]
[Date "2018.10.06"]
[Round "6"]
[White "Gschnitzer, Adrian"]
[Black "Ewert, Hannes"]
[Result "1-0"]
[WhiteElo "2363"]
[BlackElo "2314"]
[Annotator "NA RC"]
[PlyCount "95"]
[EventDate "2018.10.03"]
[EventType "team-tourn"]
[EventCountry "GER"]
[SourceTitle "playchess.com"]
[Source "ChessBase"]
[SourceQuality "1"]
[TimeControl "40/5400+30:1800+30"]

{[%evp 14,93,60,46,59,52,61,56,69,61,55,44,58,57,42,50,70,63,53,46,55,48,83,100,101,92,79,102,91,100,87,131,70,108,90,101,104,60,58,58,84,84,129,123,144,65,70,62,67,53,63,37,54,49,59,32,59,80,10,22,66,24,8,6,7,0,0,0,98,110,98,89,189,209,343,381,385,363,360,301,29981,29982]} 1. c4 {[%emt 0:00:00]} c5 {[%emt 0:00:00]} 2. Nf3 {[%emt 0:00:00]} g6 {[%emt 0:01:06]} 3. d4 {[%emt 0:00:29]} cxd4 {[%emt 0:01:15]} 4. Nxd4 {[%emt 0:00:08]} Bg7 {[%emt 0:00:16]} 5. e4 {[%emt 0:00:20]} Nc6 {[%emt 0:00:39]} 6. Be3 {[%emt 0:00:16]} Nf6 {[%emt 0:01:06]} 7. Nc3 {[%emt 0:00:10]} d6 {[%emt 0:00:55]} 8. Be2 {[%emt 0:00:57]} Bd7 {[%emt 0:01:30]} 9. O-O {[%emt 0:00:26]} Nxd4 {[%emt 0:00:44] B38: Sicilian: Maroczy Bind with 5...Bg7 and 7...0-0} (9... O-O 10. f3 Qb6 11. Na4 Qa5 12. Nb5 Rfc8 13. Rc1 Ne5 14. b3 Be8 15. Qe1 Qxe1 16. Rfxe1 Nc6 17. Red1 Nd7 18. f4 b6 19. Bg4 h5 {0-1 (66) Neiksans,A (2582)-Kovalenko,I (2635) Tallinn 2018}) 10. Bxd4 {[%emt 0:00:11]} Bc6 {[%emt 0:00:06] LiveBook: 5 Games} 11. Qc2 {[%emt 0:01:06]} a5 {[%emt 0:03:01]} 12. Rad1 {[%emt 0:02:07]} Qc7 {[%emt 0:02:48]} 13. Nd5 $146 {[%emt 0:07:20]} ({Predecessor:} 13. Rfe1 O-O 14. h4 a4 15. h5 Nd7 16. Bxg7 Kxg7 17. Nd5 Bxd5 18. Rxd5 {1-0 (40) Ivanov,I (2430)-Zurowski,H (2215) Quebec 1981}) 13... Bxd5 $1 {[%emt 0:00:22]} 14. exd5 {[%emt 0:00:09]} O-O {[%emt 0:00:43]} 15. b3 {[%emt 0:02:08]} b5 {[%emt 0:05:03]} 16. c5 {[%emt 0:02:42]} dxc5 {[%emt 0:17:58]} 17. Qxc5 {[%emt 0:01:14]} Qxc5 {[%emt 0:25:24]} 18. Bxc5 {[%emt 0:00:29]} Rfd8 {[%emt 0:00:11]} 19. Bf3 {[%emt 0:07:15]} Re8 {[%emt 0:01:45]} 20. Rfe1 {[%emt 0:07:02]} Bf8 {[%emt 0:02:41]} 21. d6 {[%emt 0:05:50]} Rac8 {[%emt 0:00:59]} 22. Bd4 {[%emt 0:00:31]} ({Reject} 22. dxe7 $6 Rxc5 23. exf8=R+ Kxf8 $11) 22... Nd7 {[%emt 0:02:00]} 23. Bb7 {[%emt 0:00:57]} Rcd8 {[%emt 0:03:55]} 24. Bc6 {[%emt 0:04:20]} e5 {[%emt 0:10:43]} 25. Bxd7 {[%emt 0:02:24]} ({Don't play} 25. Bxb5 $6 exd4 26. Rxe8 Rxe8 $11) 25... Rxd7 {[%emt 0:00:07]} 26. Bxe5 {[%emt 0:04:37]} Bxd6 {[%emt 0:08:33] [#]} 27. Kf1 $1 {[%emt 0:00:40]} Bb4 {[%emt 0:00:34]} 28. Rxd7 {[%emt 0:00:08]} Bxe1 {[%emt 0:00:05]} 29. f4 {[%emt 0:00:58]} ({Of course not} 29. Kxe1 $6 Rxe5+ 30. Kd2 Kg7 $11) (29. Rd5 $16) 29... Bh4 {[%emt 0:04:04]} 30. g3 {[%emt 0:08:04]} Bd8 {[%emt 0:01:25]} 31. Rb7 {[%emt 0:01:58]} b4 {[%emt 0:02:42]} 32. Rb8 {[%emt 0:02:24]} Kf8 {[%emt 0:00:57]} 33. Ra8 {[%emt 0:04:28]} Ke7 {[%emt 0:00:50]} 34. Ke2 {[%emt 0:03:09]} f6 {[%emt 0:00:54]} 35. Bd4 {[%emt 0:00:22]} Kd7+ {[%emt 0:00:19]} 36. Kd3 {[%emt 0:00:26]} Re6 {[%emt 0:00:11]} 37. g4 {[%emt 0:02:13]} Re1 {[%emt 0:01:58]} 38. f5 {[%emt 0:04:50]} gxf5 {[%emt 0:00:04]} 39. gxf5 {[%emt 0:00:07]} Rf1 {[%emt 0:00:31]} 40. Ke4 {[%emt 0:00:52]} Bc7 {[%emt 0:00:34]} (40... h5 $11 {keeps the balance.}) 41. Ra7 {[%emt 0:35:48]} Kc8 {[%emt 0:08:47] [#]} 42. Ra6 $1 {[%emt 0:00:00]} ({Doch nicht} 42. Bxf6 Rf4+ 43. Kd3 Rxf5 $15) 42... Rf4+ {[%emt 0:10:26] [#]} (42... Bxh2 $16 43. Rxf6 (43. Bxf6 Rf4+ 44. Ke5 Rf2+ 45. Ke6 Re2+ 46. Kd5 Rf2 $16) (43. Rxa5 Bc7 $14) 43... h5) 43. Kd5 $1 {[%emt 0:00:00]} Rxf5+ {[%emt 0:09:17] [#]} (43... Kd7 $142) 44. Kc6 $1 {[%emt 0:00:00]} Kb8 {[%emt 0:00:07]} 45. Ra7 {[%emt 0:00:00]} Be5 {[%emt 0:01:18]} 46. Rxa5 {[%emt 0:00:00]} Rh5 $2 {[%emt 0:02:00]} (46... Rf1 $18) 47. Rd5 {[%emt 0:00:00]} Kc8 {[%emt 0:01:03]} 48. Bb6 {[%emt 0:00:00]} 1-0